<?xml version="1.0" encoding="UTF-8"?>
<record
    xmlns:xsi="http://www.w3.org/2001/XMLSchema-instance"
    xsi:schemaLocation="http://www.loc.gov/MARC21/slim http://www.loc.gov/standards/marcxml/schema/MARC21slim.xsd"
    xmlns="http://www.loc.gov/MARC21/slim">

  <leader>01142nam a2200301Ia 4500</leader>
  <controlfield tag="003">OSt</controlfield>
  <controlfield tag="005">20241105162527.0</controlfield>
  <controlfield tag="008">200711s9999    xx            000 0 und d</controlfield>
  <datafield tag="020" ind1=" " ind2=" ">
    <subfield code="a">7500477198&#xA0;</subfield>
  </datafield>
  <datafield tag="020" ind1=" " ind2=" ">
    <subfield code="a">9787500477198&#xA0;</subfield>
  </datafield>
  <datafield tag="040" ind1=" " ind2=" ">
    <subfield code="c">GETS</subfield>
  </datafield>
  <datafield tag="041" ind1=" " ind2=" ">
    <subfield code="a">chi</subfield>
    <subfield code="h">eng</subfield>
  </datafield>
  <datafield tag="050" ind1=" " ind2=" ">
    <subfield code="a">BL48</subfield>
    <subfield code="b">.Y4612 2009</subfield>
  </datafield>
  <datafield tag="100" ind1=" " ind2=" ">
    <subfield code="a">"Yinger,  J. Milton "</subfield>
  </datafield>
  <datafield tag="245" ind1=" " ind2=" ">
    <subfield code="a">&#x5B97;&#x6559;&#x7684;&#x79D1;&#x5B66;&#x7814;&#x7A76;</subfield>
    <subfield code="b">= The scientific study of religion/</subfield>
    <subfield code="c">J. M. &#x82F1;&#x683C; (J. Milton Yinger) &#x8457;; &#x91D1;&#x6CFD;&#x7B49;&#x8BD1;&#xA0;</subfield>
  </datafield>
  <datafield tag="246" ind1=" " ind2=" ">
    <subfield code="a">&#x5B97;&#x6559;&#x7684;&#x79D1;&#x5B78;&#x7814;&#x7A76;</subfield>
  </datafield>
  <datafield tag="260" ind1=" " ind2=" ">
    <subfield code="a">&#x5317;&#x4EAC;:</subfield>
    <subfield code="b">"&#x4E2D;&#x56FD;&#x793E;&#x4F1A;&#x79D1;&#x5B66;&#x51FA;&#x7248;&#x793E;,"</subfield>
    <subfield code="c">2009</subfield>
  </datafield>
  <datafield tag="300" ind1=" " ind2=" ">
    <subfield code="a">2 v.</subfield>
    <subfield code="b">;</subfield>
    <subfield code="c">22 cm.</subfield>
  </datafield>
  <datafield tag="500" ind1=" " ind2=" ">
    <subfield code="a">"Translation of: The scientific study of religion / J. Milton Yinger ; New York: Macmillan, 1970"</subfield>
  </datafield>
  <datafield tag="505" ind1=" " ind2=" ">
    <subfield code="a">&#x672C;&#x4E66;&#x5305;&#x62EC;&#x8BBA;&#x5B97;&#x6559;&#x7684;&#x5B9A;&#x4E49;, &#x5B97;&#x6559;&#x884C;&#x4E3A;&#x7684;&#x6D4B;&#x5B9A;, &#x5B97;&#x6559;&#x4E0E;&#x4F26;&#x7406;&#x9053;&#x5FB7;&#x7684;&#x5173;&#x7CFB;, &#x5B97;&#x6559;, &#x79D1;&#x5B66;&#x4E0E;&#x5DEB;&#x672F;, &#x5B97;&#x6559;&#x573A;&#x57DF;&#x8BBA;, &#x793E;&#x4F1A;&#x529F;&#x80FD;&#x4E0E;&#x793E;&#x4F1A;&#x51B2;&#x7A81;&#x7684;&#x6A21;&#x5F0F;: &#x4E00;&#x4E2A;&#x573A;&#x57DF;&#x7684;&#x6574;&#x4F53;&#x6027;&#x89C2;&#x70B9;, &#x5B97;&#x6559;&#x4E0E;&#x6027;&#x683C;&#x7B49;&#x7AE0;&#x8282;.</subfield>
  </datafield>
  <datafield tag="650" ind1=" " ind2=" ">
    <subfield code="a">Religion and sociology.</subfield>
  </datafield>
  <datafield tag="650" ind1=" " ind2=" ">
    <subfield code="a">Religion.</subfield>
  </datafield>
  <datafield tag="650" ind1=" " ind2=" ">
    <subfield code="a">Social sciences.</subfield>
  </datafield>
  <datafield tag="700" ind1=" " ind2=" ">
    <subfield code="a">J. M. &#x82F1;&#x683C;</subfield>
  </datafield>
  <datafield tag="700" ind1=" " ind2=" ">
    <subfield code="a">&#x91D1;&#x6CFD;</subfield>
  </datafield>
  <datafield tag="942" ind1=" " ind2=" ">
    <subfield code="c">CB</subfield>
    <subfield code="2">ddc</subfield>
  </datafield>
  <datafield tag="949" ind1=" " ind2=" ">
    <subfield code="v">v. 1</subfield>
  </datafield>
  <datafield tag="952" ind1=" " ind2=" ">
    <subfield code="0">0</subfield>
    <subfield code="1">0</subfield>
    <subfield code="2">LCC</subfield>
    <subfield code="4">0</subfield>
    <subfield code="7">0</subfield>
    <subfield code="a">GETS</subfield>
    <subfield code="b">GETS</subfield>
    <subfield code="c">GEN</subfield>
    <subfield code="d">2020-07-12</subfield>
    <subfield code="l">0</subfield>
    <subfield code="o">BL48 .Y4612 2009&#xA0; v.1</subfield>
    <subfield code="p">00000637</subfield>
    <subfield code="r">2020-07-12 00:00:00</subfield>
    <subfield code="w">2020-07-12</subfield>
    <subfield code="y">CB</subfield>
  </datafield>
  <datafield tag="952" ind1=" " ind2=" ">
    <subfield code="0">0</subfield>
    <subfield code="1">0</subfield>
    <subfield code="2">LCC</subfield>
    <subfield code="4">0</subfield>
    <subfield code="7">0</subfield>
    <subfield code="a">GETS</subfield>
    <subfield code="b">GETS</subfield>
    <subfield code="c">GEN</subfield>
    <subfield code="d">2021-01-18</subfield>
    <subfield code="l">0</subfield>
    <subfield code="o">BL48 .Y4612 2009 v.2</subfield>
    <subfield code="p">00000638</subfield>
    <subfield code="r">2021-01-18 00:00:00</subfield>
    <subfield code="w">2021-01-18</subfield>
    <subfield code="y">CB</subfield>
  </datafield>
  <datafield tag="999" ind1=" " ind2=" ">
    <subfield code="c">683</subfield>
    <subfield code="d">683</subfield>
  </datafield>
</record>
